000 00624nam a22002057a 4500
003 OSt
005 20170518092722.0
008 160115b xxu||||| |||| 00| 0 eng d
020 _a9.7814129064e+012
040 _aMMU
_beng
_cMMU
050 _aHA 29
_b.S823 2008
100 _9362
_aCorbin, Juliet
245 _aBasics of qualitative research
_btechniques and procedures for developing grounded theory
_cJuliet corbin
260 _aLondon :
_bSage,
_c2008
300 _axv,379 p.
500 _aIncludes index
650 0 _aSocial science research
_9363
700 _aAnselm Strauss
_9364
942 _2lcc
_cSHORTLOAN
_e3rd ed.
999 _c3021
_d3021